[Event "Titled Tue 24th Jun Early"]
[Site "chess.com INT"]
[Date "2025.06.24"]
[Round "2"]
[White "Troltenier, Dirk"]
[Black "Ezat, Mohamed"]
[Result "1/2-1/2"]
[WhiteTitle "FM"]
[BlackTitle "IM"]
[WhiteElo "2174"]
[BlackElo "2299"]
[WhiteFideId "4606400"]
[BlackFideId "10600906"]
[EventDate "2025.06.24"]

1. e4 e5 2. Nf3 Nc6 3. Bb5 Nge7 4. d4 exd4 5. Nxd4 Nxd4 6. Qxd4 Nc6 7. Bxc6 dxc6
8. Qxd8+ Kxd8 9. Bf4 Be6 10. Nc3 Bb4 11. O-O-O+ Kc8 12. a3 Be7 13. Be5 f6 14.
Bg3 b6 15. Ne2 Kb7 16. Nf4 Bf7 17. Rd7 Rhe8 18. f3 Rad8 19. Rhd1 Rxd7 20. Rxd7
Kc8 21. Rd1 Rd8 22. Rxd8+ Bxd8 23. Kd2 Be7 24. a4 a5 25. b3 b5 26. Ne2 c5 27.
axb5 c4 28. Nd4 Bc5 29. Bf2 cxb3 30. cxb3 Kb7 31. Kc3 Kb6 32. g3 g6 33. Be3 Be8
34. f4 Bxb5 35. e5 fxe5 36. fxe5 Bd7 37. Kc4 Bh3 38. Kd5 c6+ 39. Kc4 Bf1+ 40.
Kc3 Bh3 41. Kc4 Bd7 42. e6 Bxe6+ 43. Nxe6 Bxe3 44. Nf8 Bg1 45. h3 Bh2 46. g4 Bf4
47. Nxh7 Kc7 48. h4 Kd6 49. h5 gxh5 50. gxh5 Be3 51. Nf6 Ke6 52. Ne4 Ke5 53. Nc3
Kf5 54. Nd1 Bb6 55. Nb2 Kg5 56. Nd3 Kxh5 57. Ne5 Kg5 58. Nxc6 Kf5 59. Kb5 Bc7
60. Nxa5 Ke6 61. Nc4 Kd5 62. b4 Bd8 63. Nb6+ Kd6 64. Nc4+ Kc7 65. Ka6 Kb8 66. b5
Bc7 67. Na5 Bxa5 68. Kxa5 Ka7 69. Ka4 Kb6 70. Kb4 Kb7 71. Kc4 Kb6 72. Kb4 Kb7
73. Kc5 Kc7 74. b6+ Kb7 75. Kb5 Kb8 76. Ka6 Ka8 77. Ka5 Kb7 78. Kb5 Kb8 79. Kb4
Kb7 80. Kc5 Kb8 81. Kc6 Kc8 82. b7+ Kb8 83. Kb6 1/2-1/2

[Event "Titled Tue 24th Jun Early"]
[Site "chess.com INT"]
[Date "2025.06.24"]
[Round "2"]
[White "Delorme, Axel"]
[Black "Sitnic, Adnan"]
[Result "1-0"]
[WhiteTitle "GM"]
[BlackTitle "CM"]
[WhiteElo "2475"]
[BlackElo "2058"]
[WhiteFideId "632023"]
[BlackFideId "14403854"]
[EventDate "2025.06.24"]

1. e4 Nc6 2. d4 e5 3. d5 Nce7 4. Be3 Ng6 5. a3 Nf6 6. f3 d6 7. c4 b6 8. Nc3 a5
9. b4 axb4 10. axb4 Bd7 11. Bd3 Be7 12. Nge2 O-O 13. O-O Nh5 14. Qd2 h6 15. g3
Bh3 16. Rfc1 Qd7 17. g4 Nf6 18. Ng3 Nh4 19. Qf2 Bxg4 20. fxg4 Nxg4 21. Qe2 Nxe3
22. Qxe3 Bg5 23. Qf2 Bxc1 24. Rxc1 Ng6 25. Nf5 Nf4 26. Bf1 Kh7 27. Ne2 Nxe2+ 28.
Qxe2 g6 29. Ng3 Ra3 30. Qf2 Rfa8 31. c5 bxc5 32. bxc5 Ra1 33. Rxa1 Rxa1 34. c6
Qe7 35. Qf3 Kg8 36. Kg2 Ra2+ 37. Kg1 Ra1 38. Kg2 Qg5 39. Qf2 Rd1 40. Be2 Rd2 41.
Qe1 Ra2 42. Qf1 Qe3 43. Qf3 Qxf3+ 44. Kxf3 h5 45. h4 f6 46. Kf2 Kf7 47. Kf3 Kg7
48. Kf2 Ra3 49. Kg2 Re3 50. Bf3 Rc3 51. Kf2 Kf7 52. Ne2 Rc2 53. Ke3 Ra2 54. Nc3
Ra3 55. Kd2 Kg7 56. Nb5 Ra2+ 57. Ke3 g5 58. Nxc7 g4 59. Ne6+ Kf7 60. c7 Rc2 61.
Be2 g3 62. Kf3 Rc3+ 63. Kg2 Ke7 64. Bxh5 Kd7 65. Bg4 Rc2+ 66. Kxg3 Rc3+ 67. Kg2
Rc2+ 68. Kg3 Rc3+ 69. Bf3 Rc1 70. h5 Rg1+ 71. Bg2 Rc1 72. h6 Rc3+ 73. Kg4 f5+
74. exf5 Rc4+ 75. Kg5 Rc2 76. Bf3 Rh2 77. Bh5 Rg2+ 78. Kf6 Rg8 79. h7 Rh8 80.
Kg7 Rc8 81. h8=Q Rxc7 82. Nxc7 Kxc7 83. Qe8 Kb6 84. Qe6 Kc5 85. f6 e4 86. f7 e3
87. f8=Q e2 88. Qfxd6+ Kd4 89. Qxe2 Kc3 90. Qc5+ Kb3 91. Qec2# 1-0

[Event "Titled Tue 24th Jun Early"]
[Site "chess.com INT"]
[Date "2025.06.24"]
[Round "2"]
[White "Cervantes Landeiro, Thalia"]
[Black "Pournami S"]
[Result "1/2-1/2"]
[WhiteTitle "FM"]
[BlackTitle "WCM"]
[WhiteElo "2278"]
[BlackElo "1749"]
[WhiteFideId "3520498"]
[BlackFideId "25732439"]
[EventDate "2025.06.24"]

1. d4 Nf6 2. c4 e6 3. Nf3 d5 4. Nc3 Be7 5. Bf4 O-O 6. e3 b6 7. cxd5 exd5 8. Bd3
h6 9. O-O c5 10. Ne5 Bb7 11. h3 Nc6 12. dxc5 bxc5 13. Rc1 d4 14. exd4 Nxd4 15.
Bc4 Qb6 16. Na4 Qa5 17. b3 Rad8 18. Qe1 Qxe1 19. Rfxe1 Ne4 20. f3 Nd6 21. Nxc5
Nxc4 22. Nxb7 Rb8 23. Nd7 Rxb7 24. Nxf8 Bxf8 25. Rxc4 g5 26. Be5 Ne6 27. Rc8 Rd7
28. Bb2 Rd2 29. Ba3 Kg7 30. Bxf8+ Nxf8 31. a4 Rd3 32. Rb8 Ne6 33. Rc1 Nf4 34.
Rb7 Ne2+ 35. Kf2 Nxc1 36. b4 Rb3 37. a5 Rxb4 38. Rxa7 Ra4 39. a6 Nb3 40. Ra8 Nc5
41. a7 Nd7 42. Ke3 Nb6 43. Rb8 Ra3+ 44. Kf2 Ra4 45. Rxb6 Rxa7 46. Rb2 Ra3 47.
Re2 Ra5 48. g3 Kg6 49. Rd2 f6 50. Kg2 Ra3 51. g4 Rb3 52. Kg3 Ra3 53. Rf2 Ra4 54.
h4 h5 55. hxg5 fxg5 56. gxh5+ Kxh5 57. Rh2+ Kg6 58. Rb2 Ra6 59. Rb5 Rc6 60. Rb4
Rc5 61. Kg4 Rc6 62. Re4 Ra6 63. Re5 Ra4+ 64. Kg3 Ra6 65. Re4 Rb6 66. Rg4 Rd6 67.
Kf2 Kf5 68. Ra4 Rd5 69. Ra6 Rb5 70. Kg3 Rc5 71. Rb6 Rd5 72. Rb8 Ra5 73. Rf8+ Kg6
74. Rg8+ Kf7 75. Rb8 Kg6 76. Rb6+ Kf5 77. Rb3 Ra1 78. Rb4 Rg1+ 79. Kf2 Ra1 80.
Rb5+ Kf4 81. Rb4+ Kf5 82. Rc4 Ra2+ 83. Kg3 Ra5 84. Rb4 Rd5 85. Rg4 Ra5 86. Rd4
Rb5 87. Rd8 Ra5 88. Rf8+ Kg6 89. Rh8 Kg7 90. Rb8 Kg6 91. Rb6+ Kf5 92. Rb3 Ra1
93. Rb5+ Kf6 94. Kg4 Rg1+ 95. Kh3 Rh1+ 96. Kg2 Ra1 97. Kf2 Ra2+ 98. Ke3 Ra3+ 99.
Ke4 Ra4+ 100. Ke3 Ra3+ 101. Kf2 Ra2+ 102. Kg3 Ra4 103. Rc5 Rb4 104. Rc6+ Kf5
105. Rc5+ Kf6 106. Rc1 Rb5 1/2-1/2

[Event "Titled Tue 24th Jun Early"]
[Site "chess.com INT"]
[Date "2025.06.24"]
[Round "3"]
[White "Hindermann, Felix"]
[Black "Janukshan, B"]
[Result "1-0"]
[WhiteTitle "FM"]
[BlackTitle "CM"]
[WhiteElo "2289"]
[BlackElo "1937"]
[WhiteFideId "1305212"]
[BlackFideId "29945399"]
[EventDate "2025.06.24"]

1. e4 c5 2. c3 d5 3. exd5 Qxd5 4. d4 Nc6 5. dxc5 Qxc5 6. Na3 a6 7. Be3 Qa5 8.
Nc4 Qc7 9. Bb6 Qf4 10. Nf3 Bg4 11. Qa4 Bxf3 12. gxf3 Qxf3 13. Rg1 Rc8 14. Bg2
Qf4 15. Rd1 Qxh2 16. Bxc6+ bxc6 17. Qxc6+ 1-0

[Event "Titled Tue 24th Jun Early"]
[Site "chess.com INT"]
[Date "2025.06.24"]
[Round "3"]
[White "Frempong-Smart Daniel"]
[Black "Newansa, M Esandi"]
[Result "1-0"]
[WhiteTitle "CM"]
[BlackTitle "WCM"]
[WhiteElo "1841"]
[BlackElo "1945"]
[WhiteFideId "12601659"]
[BlackFideId "9999060"]
[EventDate "2025.06.24"]

1. d4 d5 2. Nf3 Nf6 3. g3 Bf5 4. Bg2 e6 5. O-O c5 6. c4 Nc6 7. Nc3 dxc4 8. Qa4
Qd7 9. dxc5 Bxc5 10. Rd1 Qe7 11. Ne5 O-O 12. Nxc6 bxc6 13. Qxc4 Rfc8 14. Bg5 h6
15. Bxf6 Qxf6 16. Qxc5 1-0

[Event "Titled Tue 24th Jun Early"]
[Site "chess.com INT"]
[Date "2025.06.24"]
[Round "3"]
[White "Rees, Ioan"]
[Black "Abramor, Franco"]
[Result "0-1"]
[WhiteTitle "FM"]
[WhiteElo "2280"]
[BlackElo "2167"]
[WhiteFideId "1801236"]
[BlackFideId "181633"]
[EventDate "2025.06.24"]

1. Nf3 Nf6 2. g3 g6 3. b3 Bg7 4. Bb2 O-O 5. Bg2 d6 6. d4 Nc6 7. d5 Nb8 8. O-O c6
9. c4 Bg4 10. h3 Bxf3 11. Bxf3 Re8 12. Qd2 e5 13. dxe6 Rxe6 14. Nc3 Nbd7 15.
Rad1 Qc7 16. Bg2 Rae8 17. e3 Nc5 18. b4 Nce4 19. Nxe4 Nxe4 20. Bxg7 Nxd2 21.
Rxd2 Kxg7 22. Rfd1 Qb6 23. a3 a5 24. Rxd6 Rxd6 25. Rxd6 axb4 26. axb4 Qxb4 27.
Rd7 Qe1+ 28. Kh2 Qxf2 29. Rxb7 Rxe3 0-1

[Event "Titled Tue 24th Jun Early"]
[Site "chess.com INT"]
[Date "2025.06.24"]
[Round "3"]
[White "Adewumi, Tanitoluwa"]
[Black "Silva Lucena, Cristian"]
[Result "1-0"]
[WhiteTitle "FM"]
[BlackTitle "FM"]
[WhiteElo "2362"]
[BlackElo "2243"]
[WhiteFideId "30966396"]
[BlackFideId "2232588"]
[EventDate "2025.06.24"]

1. Nf3 Nf6 2. b3 e6 3. Bb2 d5 4. e3 Be7 5. d4 O-O 6. Bd3 Re8 7. Nbd2 b6 8. O-O
Ba6 9. c4 c5 10. dxc5 Bxc5 11. Qc2 h6 12. a3 dxc4 13. Nxc4 Bb7 14. Rfd1 Nbd7 15.
b4 Be7 16. Nce5 Rc8 17. Qa4 a5 18. Nxd7 Nxd7 19. Bb5 1-0

[Event "Titled Tue 24th Jun Early"]
[Site "chess.com INT"]
[Date "2025.06.24"]
[Round "3"]
[White "Tsiolakidis, Anastasios"]
[Black "Pranav K P"]
[Result "1-0"]
[WhiteTitle "FM"]
[BlackTitle "FM"]
[WhiteElo "2298"]
[BlackElo "2276"]
[WhiteFideId "4201477"]
[BlackFideId "25685805"]
[EventDate "2025.06.24"]

1. e4 c6 2. Nc3 d5 3. Nf3 dxe4 4. Nxe4 Nf6 5. Neg5 h6 6. Nxf7 Kxf7 7. Bc4+ e6 8.
Ne5+ Ke7 9. Ng6+ Ke8 10. Nxh8 Qd4 11. Qe2 Bd6 12. c3 Qf4 13. d4 Qh4 14. Bxe6
Bxe6 15. Qxe6+ Be7 16. Qxe7+ Kxe7 17. Ng6+ Kf7 18. Nxh4 Nbd7 19. Be3 Nf8 20. Kd2
Ng6 21. Nxg6 Kxg6 22. Rae1 Rf8 23. f3 Nd5 24. c4 Nb4 25. a3 Na6 26. b4 Nc7 27.
Rhf1 b5 28. cxb5 Nd5 29. bxc6 Rc8 30. b5 a6 31. a4 axb5 32. axb5 Nc7 33. b6 Nd5
34. b7 Rxc6 35. b8=Q Rf6 36. Qb1+ Kh5 37. g4+ Kh4 38. Re2 g5 39. Qe1+ Kh3 40.
Qg3# 1-0

[Event "Titled Tue 24th Jun Early"]
[Site "chess.com INT"]
[Date "2025.06.24"]
[Round "3"]
[White "Levano Loayza, Adriano Jaffet"]
[Black "Asish Panda"]
[Result "0-1"]
[WhiteTitle "CM"]
[WhiteElo "2023"]
[BlackElo "1911"]
[WhiteFideId "3865584"]
[BlackFideId "45012458"]
[EventDate "2025.06.24"]

1. d4 e6 2. c4 d5 3. Nf3 Nf6 4. g3 Be7 5. Bg2 O-O 6. O-O Ne4 7. Nc3 f5 8. Qc2 c6
9. b3 Nd7 10. a4 Ndf6 11. Ba3 Nxc3 12. Qxc3 Bxa3 13. Rxa3 Ne4 14. Qc2 Qe7 15.
Raa1 Bd7 16. Nd2 Nxd2 17. Qxd2 f4 18. a5 Rad8 19. a6 b6 20. gxf4 Qh4 21. e3 Rf6
22. f3 Rh6 23. Bh1 Rg6+ 24. Bg2 Rf8 25. Qf2 Qh6 26. Kh1 Rf5 27. Rg1 e5 28. dxe5
Qxh2+ 29. Kxh2 Rh5+ 30. Bh3 Rxh3# 0-1

[Event "Titled Tue 24th Jun Early"]
[Site "chess.com INT"]
[Date "2025.06.24"]
[Round "3"]
[White "Indjic, Aleksandar"]
[Black "Wael Sabry, Mina"]
[Result "1-0"]
[WhiteTitle "GM"]
[BlackTitle "FM"]
[WhiteElo "2661"]
[BlackElo "2107"]
[WhiteFideId "911925"]
[BlackFideId "10670173"]
[EventDate "2025.06.24"]

1. e4 c5 2. Nf3 d6 3. d4 cxd4 4. Nxd4 Nf6 5. Nc3 a6 6. Bc4 e6 7. Bb3 b5 8. Be3
Be7 9. Qf3 Qc7 10. g4 Nc6 11. g5 Nxd4 12. Bxd4 Nd7 13. Qg3 Bb7 14. f3 b4 15. Na4
e5 16. Be3 Nc5 17. Nxc5 dxc5 18. Bc4 O-O-O 19. Rd1 Rxd1+ 20. Kxd1 Rd8+ 21. Kc1
Bf8 22. Qh3+ Qd7 23. Qxh7 Qe7 24. Qf5+ Rd7 25. Rd1 g6 26. Qxd7+ Qxd7 27. Rxd7 1-0

[Event "Titled Tue 24th Jun Early"]
[Site "chess.com INT"]
[Date "2025.06.24"]
[Round "3"]
[White "Lerch, Johannes"]
[Black "Al-Tarboush, Ward"]
[Result "0-1"]
[WhiteTitle "FM"]
[BlackTitle "FM"]
[WhiteElo "2204"]
[BlackElo "2223"]
[WhiteFideId "1658069"]
[BlackFideId "7601450"]
[EventDate "2025.06.24"]

1. Nf3 Nf6 2. g3 c5 3. Bg2 Nc6 4. c4 e6 5. O-O Be7 6. b3 O-O 7. Bb2 d5 8. cxd5
Nxd5 9. Ne5 Nxe5 10. Bxe5 Bf6 11. Bxf6 Qxf6 12. Na3 b6 13. e4 Nc7 14. e5 Qxe5
15. Nc4 Qd4 16. Bxa8 Nxa8 17. Qf3 Nc7 18. Qe3 Qd5 19. Qe5 Qc6 20. Qd6 Qb7 21. d4
Nb5 22. Qe5 Nxd4 23. Nd6 Nf3+ 0-1

[Event "Titled Tue 24th Jun Early"]
[Site "chess.com INT"]
[Date "2025.06.24"]
[Round "3"]
[White "Nersisyan, Garnik"]
[Black "Hernandez Jimenez, Alexander Andres"]
[Result "1-0"]
[WhiteTitle "CM"]
[BlackTitle "FM"]
[WhiteElo "2035"]
[BlackElo "2069"]
[WhiteFideId "13300741"]
[BlackFideId "3900452"]
[EventDate "2025.06.24"]

1. e4 c5 2. Nc3 d6 3. d3 Nc6 4. g3 g6 5. Bg2 Bg7 6. Be3 e6 7. Qd2 Nge7 8. Bh6
O-O 9. h4 Nd4 10. Bxg7 Kxg7 11. h5 Rh8 12. h6+ Kf8 13. Nce2 Ke8 14. c3 Nxe2 15.
Nxe2 Qd7 16. O-O-O Kd8 17. d4 cxd4 18. Qxd4 e5 19. Qxd6 Qxd6 20. Rxd6+ Kc7 21.
Rd2 Be6 22. b3 Rhd8 23. Bh3 f5 24. exf5 Nxf5 25. Bxf5 gxf5 26. f4 e4 27. Rxd8
Rxd8 28. Nd4 Bd7 29. Rh5 Rg8 30. Rg5 1-0

[Event "Titled Tue 24th Jun Early"]
[Site "chess.com INT"]
[Date "2025.06.24"]
[Round "3"]
[White "Kleimenov, Nikolay"]
[Black "Niemann, Hans Moke"]
[Result "0-1"]
[WhiteTitle "CM"]
[BlackTitle "GM"]
[WhiteElo "2199"]
[BlackElo "2736"]
[WhiteFideId "34414223"]
[BlackFideId "2093596"]
[EventDate "2025.06.24"]

1. e4 e5 2. Nf3 Nc6 3. Bc4 Nf6 4. d3 Be7 5. O-O O-O 6. Re1 d6 7. a4 h6 8. a5 Re8
9. Nc3 Bf8 10. Nd5 Be6 11. Nxf6+ Qxf6 12. Bxe6 Qxe6 13. c3 d5 14. Qb3 dxe4 15.
Qxe6 Rxe6 16. dxe4 Rd8 17. Be3 a6 18. Red1 Rxd1+ 19. Rxd1 Nxa5 20. Rd8 Rd6 21.
Rxf8+ Kxf8 22. Bc5 Ke8 23. Bxd6 cxd6 24. Nd2 b5 25. Kf1 Nc4 26. Nxc4 bxc4 27.
Ke2 Kd7 28. Ke3 Kc6 29. g4 g6 30. h4 h5 31. g5 Kd7 32. f3 Ke6 33. f4 f6 34. fxe5
dxe5 35. gxf6 Kxf6 36. Kf3 g5 37. Kg3 g4 38. Kf2 Ke6 0-1

[Event "Titled Tue 24th Jun Early"]
[Site "chess.com INT"]
[Date "2025.06.24"]
[Round "3"]
[White "Mammadzada, Gunay"]
[Black "Atanasov, Anthony"]
[Result "0-1"]
[WhiteTitle "IM"]
[BlackTitle "IM"]
[WhiteElo "2390"]
[BlackElo "2417"]
[WhiteFideId "13403729"]
[BlackFideId "2623897"]
[EventDate "2025.06.24"]

1. Nf3 d5 2. g3 Bf5 3. Bg2 c6 4. O-O e6 5. d3 Be7 6. Nbd2 h6 7. c4 Nf6 8. Re1
O-O 9. e4 dxe4 10. dxe4 Nxe4 11. Ne5 Nxf2 12. Kxf2 Bc5+ 13. Kf1 Qd4 14. Qf3 Nd7
15. Nxd7 Bd3+ 0-1

[Event "Titled Tue 24th Jun Early"]
[Site "chess.com INT"]
[Date "2025.06.24"]
[Round "3"]
[White "Huseynova, Lala"]
[Black "Shuvalov, Evgenij"]
[Result "0-1"]
[WhiteTitle "WFM"]
[WhiteElo "2045"]
[BlackElo "1986"]
[WhiteFideId "13431781"]
[BlackFideId "4187237"]
[EventDate "2025.06.24"]

1. e4 e6 2. d4 d5 3. Nd2 Nc6 4. Ngf3 Nf6 5. e5 Nd7 6. c3 f6 7. exf6 Qxf6 8. Bb5
Bd6 9. Nf1 O-O 10. Ng3 e5 11. dxe5 Ndxe5 12. O-O Nxf3+ 13. gxf3 Ne5 14. Be2
Nxf3+ 15. Bxf3 Qxf3 16. Qxf3 Rxf3 17. Be3 Bh3 18. Rfd1 c6 19. c4 Bxg3 20. hxg3
dxc4 21. Rd7 Bxd7 0-1

[Event "Titled Tue 24th Jun Early"]
[Site "chess.com INT"]
[Date "2025.06.24"]
[Round "3"]
[White "Porozhnyak, Maya"]
[Black "Purushothaman, Thirumalai"]
[Result "1-0"]
[WhiteTitle "WCM"]
[BlackTitle "FM"]
[WhiteElo "1953"]
[BlackElo "2027"]
[WhiteFideId "34115843"]
[BlackFideId "5012791"]
[EventDate "2025.06.24"]

1. e4 c5 2. Nf3 d6 3. d4 cxd4 4. c3 dxc3 5. Nxc3 Nf6 6. Bc4 e6 7. O-O Be7 8. Qe2
O-O 9. Rd1 Nbd7 10. h3 a6 11. Bf4 Qc7 12. Rac1 Nc5 13. b4 b5 14. bxc5 bxc4 15.
cxd6 Qd7 16. dxe7 Qxe7 17. Bd6 Qb7 18. Bxf8 Kxf8 19. Qxc4 Bd7 20. e5 Rc8 21. Qd4 1-0

[Event "Titled Tue 24th Jun Early"]
[Site "chess.com INT"]
[Date "2025.06.24"]
[Round "3"]
[White "Di Benedetto, Guillermo"]
[Black "Moussard, Jules"]
[Result "0-1"]
[WhiteTitle "FM"]
[BlackTitle "GM"]
[WhiteElo "2289"]
[BlackElo "2597"]
[WhiteFideId "111120"]
[BlackFideId "642908"]
[EventDate "2025.06.24"]

1. d4 f5 2. c4 Nf6 3. Nf3 g6 4. g3 Bg7 5. Bg2 O-O 6. O-O d6 7. Nc3 c6 8. Qc2 Na6
9. a3 Qc7 10. Re1 e5 11. dxe5 dxe5 12. e4 Nc5 13. Ng5 f4 14. b4 Ne6 15. Nxe6
Bxe6 16. c5 g5 17. Bb2 Qf7 18. Ne2 Ng4 19. gxf4 exf4 20. Bxg7 Qxg7 21. f3 Ne3
22. Qb1 g4 23. Nxf4 Rxf4 24. Rxe3 gxf3 25. Ra2 Bxa2 26. Qxa2+ Kh8 0-1

[Event "Titled Tue 24th Jun Early"]
[Site "chess.com INT"]
[Date "2025.06.24"]
[Round "3"]
[White "Shafer, Logan C"]
[Black "Sorokin, Aleksey"]
[Result "1-0"]
[WhiteTitle "CM"]
[BlackTitle "GM"]
[WhiteElo "2217"]
[BlackElo "2530"]
[WhiteFideId "30993342"]
[BlackFideId "24176460"]
[EventDate "2025.06.24"]

1. e4 c5 2. Nf3 d6 3. d4 cxd4 4. Nxd4 Nf6 5. Nc3 a6 6. Bg5 Nbd7 7. Qe2 h6 8. Bh4
g6 9. f4 e5 10. fxe5 dxe5 11. O-O-O Qc7 12. Nb3 b5 13. Rxd7 Nxd7 14. Nd5 Qb8 15.
Na5 Bd6 16. Nc6 Qb7 17. Na5 Qb8 18. Nc6 Qb7 19. Na5 Qa7 20. Qf3 O-O 21. Nf6+
Nxf6 22. Qxf6 Qe3+ 23. Kb1 Bc7 24. Nc6 Bb7 25. Ne7+ Kh7 26. Bd3 Rae8 27. Rf1 Bd8
28. Qxf7+ 1-0

[Event "Titled Tue 24th Jun Early"]
[Site "chess.com INT"]
[Date "2025.06.24"]
[Round "3"]
[White "Bagdasarov, Vitalij A."]
[Black "Reprintsev, Alexander"]
[Result "0-1"]
[WhiteTitle "FM"]
[BlackTitle "IM"]
[WhiteElo "2136"]
[BlackElo "2256"]
[WhiteFideId "4129814"]
[BlackFideId "14100541"]
[EventDate "2025.06.24"]

1. e4 d5 2. exd5 Qxd5 3. Nf3 Bg4 4. Be2 Nc6 5. d4 O-O-O 6. Be3 e5 7. dxe5 Qxd1+
8. Bxd1 Nxe5 9. Nbd2 Nxf3+ 10. Nxf3 Ne7 11. Ne5 Be6 12. Bf3 f6 13. Nd3 Bd5 14.
Bxd5 Nxd5 15. Bd2 Bd6 16. O-O-O Rhe8 17. c4 Ne7 18. c5 Be5 19. Nxe5 fxe5 20. Bg5
Rxd1+ 21. Rxd1 Nf5 22. c6 bxc6 23. Rd3 Nd4 24. Be3 Rd8 25. Ra3 Kb7 26. Ra5 Rd5
27. b3 Rxa5 0-1

[Event "Titled Tue 24th Jun Early"]
[Site "chess.com INT"]
[Date "2025.06.24"]
[Round "3"]
[White "Sarkar, Justin"]
[Black "Fomevor, Cephas Clinton"]
[Result "1-0"]
[WhiteTitle "IM"]
[BlackTitle "CM"]
[WhiteElo "2284"]
[BlackElo "1883"]
[WhiteFideId "2010011"]
[BlackFideId "12601330"]
[EventDate "2025.06.24"]

1. d4 d5 2. c4 c6 3. Nf3 Nf6 4. Nc3 a6 5. g3 Bf5 6. Bg2 e6 7. O-O h6 8. Nd2 Bg6
9. e4 dxe4 10. Ndxe4 Nbd7 11. d5 cxd5 12. cxd5 exd5 13. Nxf6+ Nxf6 14. Nxd5 Nxd5
15. Bxd5 Rb8 16. Bf4 Bd6 17. Bxd6 Qxd6 18. Bxf7+ 1-0

[Event "Titled Tue 24th Jun Early"]
[Site "chess.com INT"]
[Date "2025.06.24"]
[Round "3"]
[White "Souleidis, Georgios"]
[Black "Samunenkov, Ihor"]
[Result "1-0"]
[WhiteTitle "IM"]
[BlackTitle "GM"]
[WhiteElo "2418"]
[BlackElo "2562"]
[WhiteFideId "4206827"]
[BlackFideId "14187086"]
[EventDate "2025.06.24"]

1. e4 c6 2. Nc3 d5 3. Nf3 dxe4 4. Nxe4 Nf6 5. Qe2 Na6 6. a3 Nc7 7. d4 Nxe4 8.
Qxe4 Qd5 9. Bd3 Qxe4+ 10. Bxe4 Bg4 11. h3 Bxf3 12. Bxf3 Nd5 13. O-O e6 14. c4
Nb6 15. b3 g6 16. Rd1 Bg7 17. Be3 O-O-O 18. a4 c5 19. a5 Na8 20. a6 Nc7 21.
axb7+ Kb8 22. dxc5 Bxa1 23. Rxa1 Rd3 24. b4 Rc3 25. c6 a6 26. Bd4 Rxf3 27. gxf3
Rd8 28. Rd1 Re8 29. Be5 1-0

[Event "Titled Tue 24th Jun Early"]
[Site "chess.com INT"]
[Date "2025.06.24"]
[Round "3"]
[White "Zepeda Berlanga, Jan Enrique"]
[Black "Lopez Rayo, Santiago"]
[Result "0-1"]
[WhiteTitle "CM"]
[BlackTitle "FM"]
[WhiteElo "1984"]
[BlackElo "2282"]
[WhiteFideId "5132355"]
[BlackFideId "4455665"]
[EventDate "2025.06.24"]

1. e4 c5 2. Nf3 d6 3. d4 cxd4 4. Nxd4 Nf6 5. Nc3 g6 6. Be3 Bg7 7. f3 O-O 8. Qd2
Nc6 9. O-O-O d5 10. exd5 Nxd5 11. Nxc6 bxc6 12. Bd4 e5 13. Bc5 Be6 14. Ne4 Rb8
15. h4 h6 16. g4 f5 17. gxf5 gxf5 18. Rg1 fxe4 19. Qxh6 Qf6 20. Bxf8 Qxh6+ 0-1

[Event "Titled Tue 24th Jun Early"]
[Site "chess.com INT"]
[Date "2025.06.24"]
[Round "3"]
[White "Materia, Marco"]
[Black "Waldhausen Gordon, Frederick"]
[Result "0-1"]
[WhiteTitle "IM"]
[BlackTitle "FM"]
[WhiteElo "2489"]
[BlackElo "2395"]
[WhiteFideId "45150451"]
[BlackFideId "2409143"]
[EventDate "2025.06.24"]

1. Nf3 d5 2. b3 b6 3. Bb2 Bb7 4. g3 e6 5. Bg2 Nd7 6. O-O Ngf6 7. d3 Bd6 8. Nbd2
O-O 9. e4 dxe4 10. Ng5 Qe7 11. Ndxe4 Nxe4 12. Nxe4 Bxe4 13. Bxe4 Rad8 14. Qe2
Ba3 15. Bc3 Nf6 16. Bg2 Nd5 17. Be5 f6 18. Bxd5 exd5 19. d4 fxe5 20. dxe5 Bb2
21. Rae1 Bc3 22. Rd1 Qxe5 23. Qa6 Bd4 24. Qxa7 Rxf2 25. Rxf2 Bxf2+ 26. Kxf2 Rf8+
27. Kg1 Qe3+ 28. Kg2 Qe2+ 29. Kh3 Qh5+ 30. Kg2 Qxd1 31. Qxc7 Qf1# 0-1

[Event "Titled Tue 24th Jun Early"]
[Site "chess.com INT"]
[Date "2025.06.24"]
[Round "3"]
[White "Blackburn, Jonathan L B"]
[Black "Van Essen, Mark"]
[Result "1-0"]
[WhiteTitle "FM"]
[BlackTitle "CM"]
[WhiteElo "2207"]
[BlackElo "2176"]
[WhiteFideId "1801090"]
[BlackFideId "1012819"]
[EventDate "2025.06.24"]

1. d4 e5 2. dxe5 Nc6 3. Nf3 Qe7 4. Nc3 Nxe5 5. Nxe5 Qxe5 6. Qd5 f6 7. f4 Qe6 8.
e4 Ne7 9. Qxe6 dxe6 10. Nb5 Kf7 11. Nxc7 Rb8 12. Be3 b6 13. Nb5 Nc6 14. O-O-O
Bc5 15. Bxc5 bxc5 16. Nd6+ Ke7 17. Nxc8+ Rhxc8 18. c3 e5 19. g3 Nd8 20. Bc4 Ne6
21. Rhf1 Rb6 22. fxe5 fxe5 23. Rf5 Rcb8 24. Rxe5 1-0

[Event "Titled Tue 24th Jun Early"]
[Site "chess.com INT"]
[Date "2025.06.24"]
[Round "3"]
[White "Hartge, Gedeon"]
[Black "Kislinsky, Alexey"]
[Result "0-1"]
[WhiteTitle "FM"]
[BlackTitle "GM"]
[WhiteElo "2328"]
[BlackElo "2341"]
[WhiteFideId "12932116"]
[BlackFideId "14108801"]
[EventDate "2025.06.24"]

1. e4 c6 2. d4 d5 3. exd5 cxd5 4. c4 Nf6 5. Nc3 e6 6. Nf3 Be7 7. Bf4 O-O 8. c5
b6 9. b4 a5 10. a3 axb4 11. axb4 Rxa1 12. Qxa1 Nc6 13. Qb2 bxc5 14. dxc5 d4 15.
Nb5 Nd5 16. Bd6 Ndxb4 17. Bc4 Bxd6 18. cxd6 Ba6 19. O-O Bxb5 20. Bxb5 Qxd6 21.
Rd1 e5 22. Nd2 Rd8 23. Qb3 Nd5 24. Bc4 Na5 25. Bxd5 Nxb3 26. Bxb3 Qb4 27. Ba2
Qb2 28. Bc4 e4 29. Nxe4 Qc2 0-1